Medical English.

Saved in:
Bibliographic Details
Main Author: Ribes, Ramon
Format: Book
Language:English
Published: Springer. 2006.
Tags: Add Tag
No Tags, Be the first to tag this record!

MARC

LEADER 00000nam a22000007a 4500
008 211101b ||||| |||| 00| 0 eng d
020 |a 3540254285 
100 |a Ribes, Ramon. 
245 |a Medical English.  |c Ramon Ribes[and] Pablio R.  |g x, 199 p. : ill. 
260 |b Springer.  |c 2006.  |d Book.  |h Ros Berlin.  |i 655840  |l PE1127.M4R35  |m English language--Medical English.  |m English language--Medical English--Problems, exercises, etc.  |m English language--Textbooks for foreign speakers. 
942 |a lcc  |c BK  |e Olagoke,M.A.  |f 01/11/2021. 
952 |0 0  |1 0  |2 lcc  |4 0  |7 0  |9 3795  |a HOL  |b HOL  |c LP  |d 2021-11-01  |o PE1127.M4R35.  |p 2021-67527  |r 2021-11-01 00:00:00  |t 655840  |w 2021-11-01  |y BK 
999 |c 1894  |d 1894